| 000 | 00991 a2200229 4500 | ||
|---|---|---|---|
| 001 | 14653 | ||
| 005 | 20260407155448.0 | ||
| 008 | 260407a2010 arg spa d | ||
| 003 | AR-UNSa-BCEJYS | ||
| 040 |
_aAR-UNSa-BCEJYS _bspa _cAR-UNSa-BCEJYS |
||
| 080 |
_a336.7 _xMoneda. Sistema monetario. Banca. Bolsa |
||
| 245 | 1 | 0 |
_aThe economics of money, banking & financial markets _pbusiness school edition |
| 020 | _a978-0-321-59988-9 | ||
| 250 | _a2a. ed. | ||
| 264 | 1 |
_aBoston : _bPearson _c2010 |
|
| 300 |
_axli, 662 p. _c26 cm. |
||
| 505 | _a1. Introduction - 2. Financial markets - 3. Financial institutions - 4. Central banking and the conduct of monetary policy - 5. International finance and monetary policy - 6. Monetary theory | ||
| 942 | _cBK | ||
| 590 | _aniveau_biblio:m niveau_hierar:0 | ||
| 100 | 1 | _aMishkin, Frederic S. | |
| 856 | 4 | 1 |
_uhttps://biblioeco.unsa.edu.ar/pmb/images/libros/The economics of money, banking & financial markets-l118958.jpg _yImagen de portada _qimage/jpeg |
| 999 |
_c594 _d594 |
||